| 000 | 00352nam a2200133Ia 4500 | ||
|---|---|---|---|
| 008 | 240624s9999 xx 000 0 und d | ||
| 041 | _aeng | ||
| 082 | _a658.408 CHA | ||
| 100 | _aCHATTERJI MADHUMITA | ||
| 245 | _aCORPORATE SOCIAL RESPONSIBILITY | ||
| 260 |
_c2014 _aNew Delhi _bOxford India |
||
| 300 | _axii, : 348 : p. : cm. ; 24 | ||
| 365 |
_cRS _b31 |
||
| 999 |
_c23115 _d23115 |
||